Statistics for Guess the Kardahian/Jenner by picture

Click here to take the quiz!

General Stats

  • This quiz has been taken 71 times
  • The average score is 15 of 19

Answer Stats

Answer% Correct
Khloe Kardashian
100%
Kris Jenner
100%
Kylie Jenner
100%
Kendall Jenner
98%
Kim Kardashian
98%
Kourtney Kardashian
95%
North West
93%
Caitlyn Jenner
92%
Rob Kardashian
83%
Robert Kardashian
78%
Chicago West
76%
Saint West
69%
Penelope Disick
64%
Mason Disick
63%
Psalm West
63%
Dream Kardashian
61%
Stormi Webster
61%
Reign Disick
54%
True Thompson
54%

Score Distribution

Percentile by Number Answered

Percent of People with Each Score

Your Score History

You have not taken this quiz